00872cam a2200277 a 45000010008000000030004000080050017000120080041000290100017000700200018000870400037001050430012001420500029001540820020001831000033002032450036002362600044002723000021003165410006003375620006003436550036003499060045003859420016004309990017004469520131004631127085OSt20140310182254.0941206s1995 nyu 000 1 eng  a 94046855  a9780451184290 aDLCcDLCdDLCdOCoLCdDLCdOCoLC ae-uk-en00aPR 6058.I343b.H636 199500aFIC bH53a 19951 aHiggins, Jack,d1929-92020010aAngel of death /cJack Higgins. aNew York :bG.P. Putnam's Sons,cc1995. a273 p. ;c18 cm. j1 e1 7aAdventure stories.2gsafd92927 a7bcbccorignewd1eocipf19gy-gencatlg 2lcccBK-FIC c11428d11428 00102lcc40aLUXbLUXcFICd2013-09-16l1oPR 6058.I343 .H636 1995p11068r2025-03-29 00:00:00s2025-03-26t1w2013-09-16yBK